<?xml version="1.0" encoding="UTF-8"?>
<record
    xmlns:xsi="http://www.w3.org/2001/XMLSchema-instance"
    xsi:schemaLocation="http://www.loc.gov/MARC21/slim http://www.loc.gov/standards/marcxml/schema/MARC21slim.xsd"
    xmlns="http://www.loc.gov/MARC21/slim">

  <leader>00627nam a2200205Ia 4500</leader>
  <controlfield tag="008">200824s9999||||xx |||||||||||||| ||und||</controlfield>
  <datafield tag="020" ind1=" " ind2=" ">
    <subfield code="a">0971901600 </subfield>
  </datafield>
  <datafield tag="020" ind1=" " ind2=" ">
    <subfield code="a">9780971901605</subfield>
  </datafield>
  <datafield tag="041" ind1=" " ind2=" ">
    <subfield code="a">chi</subfield>
  </datafield>
  <datafield tag="050" ind1=" " ind2=" ">
    <subfield code="a">BR1288.T56 </subfield>
    <subfield code="b">.L39 2003</subfield>
  </datafield>
  <datafield tag="100" ind1=" " ind2=" ">
    <subfield code="a">&#x674E;&#x4FE1;&#x6E90;</subfield>
  </datafield>
  <datafield tag="245" ind1=" " ind2="0">
    <subfield code="a">&#x4E00;&#x4E2A;&#x4E0D;&#x4FE1;&#x6D3E;&#x7684;&#x6807;&#x672C;:</subfield>
    <subfield code="b">&#x300A;&#x4E01;&#x5149;&#x8BAD;&#x6587;&#x96C6;&#x300B;&#x8BC4;&#x6790; /</subfield>
    <subfield code="c">&#x674E;&#x4FE1;&#x6E90;</subfield>
  </datafield>
  <datafield tag="246" ind1=" " ind2=" ">
    <subfield code="a">&#x4E00;&#x500B;&#x4E0D;&#x4FE1;&#x6D3E;&#x7684;&#x6A19;&#x672C; :</subfield>
    <subfield code="b">&#x300A;&#x4E01;&#x5149;&#x8A13;&#x6587;&#x96C6;&#x300B;&#x8A55;&#x6790;/</subfield>
  </datafield>
  <datafield tag="260" ind1=" " ind2=" ">
    <subfield code="a">Deerfield, Ill. : </subfield>
    <subfield code="b">&#x751F;&#x547D;&#x51FA;&#x7248;&#x793E;</subfield>
    <subfield code="c">2003</subfield>
  </datafield>
  <datafield tag="300" ind1=" " ind2=" ">
    <subfield code="a">157 p.</subfield>
    <subfield code="b">;</subfield>
    <subfield code="c">21 cm.</subfield>
  </datafield>
  <datafield tag="650" ind1=" " ind2=" ">
    <subfield code="a">Christianity China 20th century.</subfield>
  </datafield>
  <datafield tag="650" ind1=" " ind2=" ">
    <subfield code="a">Theology China.</subfield>
  </datafield>
  <datafield tag="650" ind1=" " ind2=" ">
    <subfield code="a">Ting, K. H.</subfield>
  </datafield>
  <datafield tag="952" ind1=" " ind2=" ">
    <subfield code="0">0</subfield>
    <subfield code="1">0</subfield>
    <subfield code="4">0</subfield>
    <subfield code="7">0</subfield>
    <subfield code="a">GETS</subfield>
    <subfield code="b">GETS</subfield>
    <subfield code="c">GEN</subfield>
    <subfield code="d">2020-08-24</subfield>
    <subfield code="l">1</subfield>
    <subfield code="o">BR1288.T56 .L39 2003</subfield>
    <subfield code="p">00005705</subfield>
    <subfield code="r">2022-12-29 00:00:00</subfield>
    <subfield code="s">2022-11-21</subfield>
    <subfield code="w">2020-08-24</subfield>
    <subfield code="y">CB</subfield>
  </datafield>
  <datafield tag="999" ind1=" " ind2=" ">
    <subfield code="c">17471</subfield>
    <subfield code="d">17471</subfield>
  </datafield>
</record>
